Az evangeliomok, és epistolák Mellyeket sztendő által olvastat az Anya - Czent - egy- ...
| Médium: | Kniha |
|---|---|
| Jazyk: | angličtina |
| Fyzický popis: | 303 s. |
| Vydavateľské údaje: |
Kassán
Akademiai Betűkkel
1762
|
MARC
| LEADER | 00000nam a2200000 a 4500 | ||
|---|---|---|---|
| 001 | vtls009530011 | ||
| 003 | SK-MaSNL | ||
| 005 | 20260224033621.0 | ||
| 008 | 090625 000 0 eng | ||
| 040 | |a SNK |b slo |c SNK |e AACR2 | ||
| 245 | 1 | 3 | |a Az evangeliomok, és epistolák Mellyeket sztendő által olvastat az Anya - Czent - egy- ... |
| 260 | |a Kassán |b Akademiai Betűkkel |c 1762 | ||
| 300 | |a 303 s. | ||
| 999 | |c 830520 |d 832450 | ||
| 952 | |a SNK |b SNK |y PREZ |7 0 |p 17A0621835 |o snkSD 31610 |i snkF 4186/67 |8 5 |3 rekatalogizácia |0 0 |1 0 |4 0 |d 2009-06-25 |l 0 |r 2026-02-24 03:36:21 |w 2026-02-24 | ||


